Guess The Fruit by picture - Statistics

General Stats
  • This quiz has been taken 328 times
  • The average score is 17 of 20
Answer Stats
Picture Answer % Correct
Pear
98%
Apple
97%
Blueberry
97%
Strawberry
97%
Kiwi
96%
Orange
96%
Mango
94%
Pineapple
94%
Cherry
93%
Watermelon
93%
Banana
92%
Coconut
91%
Peach
91%
Grape
88%
Raspberry
88%
Blackberry
86%
Lemon
83%
Lychee
59%
Plum
51%
Guava
20%
No matching quizzes found
Score Distribution
Percent of People with Each Score
Percentile by Number Answered
Your Score History
You have not taken this quiz